00246nam a2200097Ia 4500008004100000100001700041245002700058260004700085300000800132650000800140191201s2003 xx 000 0 und d aRAO, P Subba 0aInternational Business aN. DelhibHimalaya Publication Housec2003 a582 aMBA